000 00692cam a2200277 4500
008 090401t1996 xxu||||| |||| 00| 0 eng d
020 _a0117532398
035 _a(Sirsi) u725
041 _aeng
050 _a306.13
100 _aCrook, A. D. H.
245 _aPrivate Landlords in England.
260 _aLondon
_bHMSO
_c1996
300 _a201p. ; 30cm.
350 _a23
490 _aHousing Research Report
650 _aLETTING
650 _aPRIVATE LANDLORDS
650 _aPRIVATE RENTED SECTOR
650 _aRENTING
690 _aHOUSING
700 _aKemp, P.A.
710 _aUnited Kingdom
_bDepartment of the Environment
_9982
942 _n0
948 _c04/03/1997
999 _c85585
_d85585